| 000 | 00499nam a2200181 i 4500 | ||
|---|---|---|---|
| 001 | bg | ||
| 245 | 0 |
_aFiziceskaja chimija polimernych kompozicej / _cRed. koll. Ju. S. Lipatov [i in.]. |
|
| 260 |
_aKiev : _bIzdat. "Naukova Dumka", _c1974. |
||
| 300 |
_as. 183 : _brys. |
||
| 500 | _a[Alf. ros.]. | ||
| 504 | _a[Zawiera bibliogr.]. | ||
| 700 | 1 |
_aLIPATOV, Ju. S. _eRed. |
|
| 040 | _cBPK | ||
| 041 | _apol | ||
| 080 | _a541:547:678.7 | ||
| 942 | _cKS | ||
| 008 | s pl f |000 0 pol | ||
| 999 |
_c26286 _d26286 |
||
| 856 |
_uhttp://koha.tu.koszalin.pl/cgi-bin/koha/opac-detail.pl?biblionumber=26286 _yKatalog online BPK |
||